<?xml version="1.0" encoding="UTF-8"?>
<collection xmlns="http://www.loc.gov/MARC21/slim">
    <record>
        <controlfield tag="001">15885</controlfield>
        <controlfield tag="005">20150325205533.0</controlfield>
        <datafield tag="037" ind1=" " ind2=" ">
            <subfield code="a">TAZ-TFM-2014-495</subfield>
        </datafield>
        <datafield tag="041" ind1=" " ind2=" ">
            <subfield code="a">spa</subfield>
        </datafield>
        <datafield tag="100" ind1="1" ind2=" ">
            <subfield code="a">Borrallo Tirado, Sergio</subfield>
        </datafield>
        <datafield tag="245" ind1="0" ind2="0">
            <subfield code="a">Nuevas variables canónicas para la integración analítica del problema principal-ecuatorial del satélite artificial</subfield>
        </datafield>
        <datafield tag="260" ind1=" " ind2=" ">
            <subfield code="a">Zaragoza</subfield>
            <subfield code="b">Universidad de Zaragoza</subfield>
            <subfield code="c">2014</subfield>
        </datafield>
        <datafield tag="506" ind1=" " ind2=" ">
            <subfield code="a">by-nc-sa</subfield>
            <subfield code="b">Creative Commons</subfield>
            <subfield code="c">3.0</subfield>
            <subfield code="u">http://creativecommons.org/licenses/by-nc-sa/3.0/</subfield>
        </datafield>
        <datafield tag="520" ind1=" " ind2=" ">
            <subfield code="a">Las órbitas geoestacionarias y su estudio y modelización matemática son de una importancia capital en la tecnología de comunicaciones. El objetivo principal de la presente memoria es construir una teoría analítica, basada en un conjunto especial de variables canónicas, que sirva para describir los satélites geoestacionarios o cuasi-geoestacionarios.  Para ello se ha centrado el estudio en el modelo denominado “principal-ecuatorial”, basado en un sistema dinámico kepleriano considerando la perturbación de mayor magnitud, esto es, la producida por el achatamiento polar de la Tierra, e igualmente limitado a orbitas ecuatoriales Mediante la aplicación de la ecuación de Hamilton-Jacobi se ha obtenido un nuevo conjunto de variables canónicas, pero debido a la imposibilidad matemática de expresar los parámetros de la órbita a partir de dichas variables, se ha desarrollado un procedimiento para encontrar una expresión equivalente a la ecuación de Kepler.  Con ese objetivo se ha planteado el problema principal-ecuatorial como un oscilador armónico perturbado, y este ha sido resuelto mediante la aplicación del método de Krylov-Bogoliuvov-Mitropolsky, que se basa en la obtención de aproximaciones asintóticas y que permite una integración analítica de la solución. Con ello hemos obtenido una solución del problema planteado que hemos denominado “Ecuación de Kepler generalizada”.</subfield>
        </datafield>
        <datafield tag="521" ind1=" " ind2=" ">
            <subfield code="a">Graduado en Física</subfield>
        </datafield>
        <datafield tag="540" ind1=" " ind2=" ">
            <subfield code="a">Derechos regulados por licencia Creative Commons</subfield>
        </datafield>
        <datafield tag="653" ind1="1" ind2=" ">
            <subfield code="a">órbitas geoestacionarias</subfield>
        </datafield>
        <datafield tag="653" ind1="1" ind2=" ">
            <subfield code="a">variables canónicas</subfield>
        </datafield>
        <datafield tag="653" ind1="1" ind2=" ">
            <subfield code="a">movimiento kepleriano</subfield>
        </datafield>
        <datafield tag="653" ind1="1" ind2=" ">
            <subfield code="a">ecuación de kepler</subfield>
        </datafield>
        <datafield tag="700" ind1=" " ind2=" ">
            <subfield code="a">Abad, Alberto J.</subfield>
            <subfield code="e">dir.</subfield>
        </datafield>
        <datafield tag="710" ind1="2" ind2=" ">
            <subfield code="a">Universidad de Zaragoza</subfield>
            <subfield code="b"> </subfield>
            <subfield code="c"></subfield>
        </datafield>
        <datafield tag="720" ind1="2" ind2=" ">
            <subfield code="a">Palacios Latasa, Manuel</subfield>
            <subfield code="e">ponente</subfield>
        </datafield>
        <datafield tag="856" ind1="0" ind2=" ">
            <subfield code="f">693633@celes.unizar.es</subfield>
        </datafield>
        <datafield tag="856" ind1="4" ind2=" ">
            <subfield code="s">740818</subfield>
            <subfield code="u">http://zaguan.unizar.es/record/15885/files/TAZ-TFM-2014-495.pdf</subfield>
            <subfield code="y">Memoria (spa)</subfield>
        </datafield>
        <datafield tag="909" ind1="C" ind2="O">
            <subfield code="o">oai:zaguan.unizar.es:15885</subfield>
            <subfield code="p">driver</subfield>
            <subfield code="p">trabajos-fin-master</subfield>
        </datafield>
        <datafield tag="950" ind1=" " ind2=" ">
            <subfield code="a"></subfield>
        </datafield>
        <datafield tag="980" ind1=" " ind2=" ">
            <subfield code="a">TAZ</subfield>
            <subfield code="b">TFM</subfield>
            <subfield code="c">CIEN</subfield>
        </datafield>
    </record>

    
</collection>